• 首页
  • 本馆介绍
  • 公告通知
  • 最新文献
  • 馆藏检索
  • 电子资源
  • 读者导购
  • 参考咨询
  • 我的图书馆
  • 登录
  • 详细信息显示
  • 放入我的书架
  • 预约/预借图书
  • 作者相关作品
  • 分类相关作品
  • 丛书相关作品
  • 出版社相关作品

书目信息

  • 表格格式
  • 工作单格式
  • 卡片格式
题名:
语文现代化
    
 
作者: ;知识出版社 编
分册: 3  
出版信息: 上海   知识出版社  1980
页数: 320页
开本: 19cm
丛书名:
单 册:
中图分类: H024
科图分类:
主题词: 文字学
电子资源:
ISBN:
000 00481nam0 2200193 45
001 0212260966
005 20060517113225.57
010    @dCNY0.80
091    @a9214.003
100    @a20021226d1980 km y0chiy0120 ea
101 0  @achi
200 1  @a语文现代化@AYu Wen Xian Dai Hua@h3@f本社编@FBen She Bian
210    @a上海@c知识出版社@d1980
215    @a320页@d19cm
606 0  @a文字学
690    @aH024@v3
711 02 @a知识出版社@4编
801    @aCN@bTSTC@c20060517
905    @dH024@e3/80
    
    语文现代化.3/本社编.-上海:知识出版社,1980
    320页;19cm
    
    
    ISBN :CNY0.80
    
●
相关链接 在E读中查询图书 在五车中查询图书 在当当中查询图书 在豆瓣中查询图书


正题名:语文现代化     索取号:H024/3/80         预约/预借

序号 登录号 条形码 馆藏地/架位号 状态 备注
1 0036110   202352328   密集书库/ [索取号:H024/3/80] 在馆    
2 0036111   001745669   密集书库/ [索取号:H024/3/80] 在馆    
3 0036112   001745696   密集书库/ [索取号:H024/3/80] 在馆    
4 0036113   001745703   密集书库/ [索取号:H024/3/80] 在馆    
5 0036114   001745650   密集书库/ [索取号:H024/3/80] 在馆    
唐山师范学院图书馆 欢迎您!
大连网信软件有限公司© 版权所有